NBA 3-Point Field Goals Leaders By Season - Statistics

General Stats
  • This quiz has been taken 102 times
    56 since last reset
  • The average score is 23 of 49
Answer Stats
Season 3P Team Player % Correct
2023-24 357 GSW Stephen Curry
100%
2021-22 285 GSW Stephen Curry
100%
2020-21 337 GSW Stephen Curry
100%
2016-17 324 GSW Stephen Curry
100%
2015-16 402 GSW Stephen Curry
100%
2014-15 286 GSW Stephen Curry
100%
2013-14 261 GSW Stephen Curry
100%
2012-13 272 GSW Stephen Curry
100%
2019-20 299 HOU James Harden
98%
2018-19 378 HOU James Harden
98%
2017-18 265 HOU James Harden
98%
2022-23 301 GSW Klay Thompson
94%
2024-25 320 MIN Anthony Edwards
90%
2005-06 269 SEA Ray Allen
83%
2002-03 201 MIL/SEA Ray Allen
83%
2001-02 229 MIL Ray Allen
83%
1996-97 229 IND Reggie Miller
81%
1992-93* 167 IND Reggie Miller
81%
1986-87 90 BOS Larry Bird
69%
1985-86 82 BOS Larry Bird
69%
2000-01 221 BOS Antoine Walker
46%
2003-04 240 SAC Peja Stojaković
46%
2004-05* 226 PHI Kyle Korver
44%
2006-07* 205 WAS Gilbert Arenas
42%
1999-00 177 SEA Gary Payton
40%
2008-09 220 ORL Rashard Lewis
27%
1994-95 217 NYK John Starks
23%
1993-94 192 PHO Dan Majerle
19%
1992-93* 167 PHO Dan Majerle
19%
1987-88 148 BOS Danny Ainge
19%
2007-08 243 CHA Jason Richardson
19%
2004-05* 226 PHO Quentin Richardson
19%
2011-12 166 ORL Ryan Anderson
19%
1995-96 267 ORL Dennis Scott
15%
2009-10 209 HOU Aaron Brooks
13%
1991-92 162 HOU Vernon Maxwell
13%
1990-91 172 HOU Vernon Maxwell
13%
2006-07* 205 PHO Raja Bell
8%
1998-99 135 TOR Dee Brown
6%
1989-90 158 DEN Michael Adams
6%
1988-89 166 DEN Michael Adams
6%
1984-85 92 UTA Darrell Griffith
4%
1983-84 91 UTA Darrell Griffith
4%
1997-98 192 CLE Wesley Person
4%
1979-80 90 SDC Brian Taylor
2%
1981-82 73 IND Don Buse
2%
2010-11 194 GSW Dorell Wright
2%
1980-81 57 CLE Mike Bratz
2%
1982-83 67 SAS Mike Dunleavy
2%
No matching quizzes found
Score Distribution
Percent of People with Each Score
Percentile by Number Answered
Your Score History
You have not taken this quiz since the last reset